[Event "DEM U12w 2025"]
[Site "Willingen GER"]
[Date "2025.06.10"]
[Round "4"]
[White "Szymil, Alicja"]
[Black "Hendler, Felicitas"]
[Result "0-1"]
[Termination "normal"]
[Board "12"]
[WhiteElo "1476"]
[BlackElo "1519"]
[WhiteClock "01:08:42"]
[BlackClock "00:28:50"]
[PlyCount "104"]
[WhiteFideId "34654240"]
[BlackFideId "34616519"]
[EventCountry "GER"]
[EventRounds "9"]
[EventType "swiss"]
[EventDate "2025.06.07"]

1. e4 {[%clk 01:30:57]} {[%emt 00:00:02]} c5 {[%clk 01:30:36]} {[%emt
00:00:24]} 2. f4 {[%clk 01:31:17]} {[%emt 00:00:11]} e5 {[%clk 01:19:36]}
{[%emt 00:11:30]} 3. fxe5 {[%clk 01:31:15]} {[%emt 00:00:32]} Qh4+ {[%clk
01:14:56]} {[%emt 00:05:09]} 4. Ke2 {[%clk 01:27:27]} {[%emt 00:04:19]} Qxe4+
{[%clk 01:10:40]} {[%emt 00:04:46]} 5. Kf2 {[%clk 01:27:37]} {[%emt 00:00:20]}
c4 {[%clk 01:08:25]} {[%emt 00:02:45]} 6. Qe2 {[%clk 01:23:54]} {[%emt
00:04:13]} Bc5+ {[%clk 01:00:19]} {[%emt 00:08:35]} 7. Ke1 {[%clk 01:23:51]}
{[%emt 00:00:33]} Qxc2 {[%clk 00:59:00]} {[%emt 00:01:50]} 8. Qxc4 {[%clk
01:21:37]} {[%emt 00:02:44]} Qxc4 {[%clk 00:59:00]} {[%emt 00:00:30]} 9. Bxc4
{[%clk 01:22:00]} {[%emt 00:00:07]} Nc6 {[%clk 00:57:32]} {[%emt 00:01:58]} 10.
Nf3 {[%clk 01:21:57]} {[%emt 00:00:33]} Nge7 {[%clk 00:56:06]} {[%emt
00:01:55]} 11. Nc3 {[%clk 01:20:10]} {[%emt 00:02:19]} O-O {[%clk 00:55:31]}
{[%emt 00:01:04]} 12. Kd1 {[%clk 01:17:40]} {[%emt 00:03:00]} Ng6 {[%clk
00:54:25]} {[%emt 00:01:36]} 13. Re1 {[%clk 01:17:41]} {[%emt 00:00:29]} h6
{[%clk 00:52:50]} {[%emt 00:02:05]} 14. d3 {[%clk 01:15:50]} {[%emt 00:02:21]}
b6 {[%clk 00:49:23]} {[%emt 00:03:57]} 15. a3 {[%clk 01:12:52]} {[%emt
00:03:28]} Nd4 {[%clk 00:40:19]} {[%emt 00:09:33]} 16. Bd2 {[%clk 01:04:13]}
{[%emt 00:09:09]} Bb7 {[%clk 00:35:57]} {[%emt 00:04:53]} 17. Nxd4 {[%clk
01:01:41]} {[%emt 00:03:02]} Bxd4 {[%clk 00:35:50]} {[%emt 00:00:37]} 18. g3
{[%clk 01:01:31]} {[%emt 00:00:40]} Nxe5 {[%clk 00:32:29]} {[%emt 00:03:52]}
19. Kc2 {[%clk 00:59:27]} {[%emt 00:02:32]} Nf3 {[%clk 00:30:21]} {[%emt
00:02:39]} 20. Re7 {[%clk 00:56:51]} {[%emt 00:03:06]} Bc6 {[%clk 00:26:49]}
{[%emt 00:04:03]} 21. Rf1 {[%clk 00:55:45]} {[%emt 00:01:34]} Bc5 {[%clk
00:25:33]} {[%emt 00:01:45]} 22. Rxd7 {[%clk 00:52:28]} {[%emt 00:03:48]} Bxd7
{[%clk 00:24:43]} {[%emt 00:01:21]} 23. Rxf3 {[%clk 00:52:44]} {[%emt
00:00:13]} Be6 {[%clk 00:24:44]} {[%emt 00:00:29]} 24. Rf4 {[%clk 00:49:44]}
{[%emt 00:03:31]} Bxc4 {[%clk 00:24:36]} {[%emt 00:00:38]} 25. dxc4 {[%clk
00:49:57]} {[%emt 00:00:16]} Rfe8 {[%clk 00:22:46]} {[%emt 00:02:20]} 26. Rg4
{[%clk 00:49:53]} {[%emt 00:00:34]} g6 {[%clk 00:19:40]} {[%emt 00:03:35]} 27.
Bxh6 {[%clk 00:46:57]} {[%emt 00:03:27]} Be3 {[%clk 00:15:53]} {[%emt
00:04:16]} 28. Bxe3 {[%clk 00:46:18]} {[%emt 00:01:10]} Rxe3 {[%clk 00:16:07]}
{[%emt 00:00:16]} 29. b4 {[%clk 00:45:03]} {[%emt 00:01:46]} Rd8 {[%clk
00:13:57]} {[%emt 00:02:39]} 30. c5 {[%clk 00:44:08]} {[%emt 00:01:25]} bxc5
{[%clk 00:13:21]} {[%emt 00:01:05]} 31. bxc5 {[%clk 00:44:27]} {[%emt
00:00:12]} Rc8 {[%clk 00:10:56]} {[%emt 00:02:55]} 32. Rc4 {[%clk 00:44:42]}
{[%emt 00:00:15]} Re5 {[%clk 00:10:55]} {[%emt 00:00:31]} 33. c6 {[%clk
00:44:36]} {[%emt 00:00:36]} Rc7 {[%clk 00:10:08]} {[%emt 00:01:17]} 34. Kb3
{[%clk 00:42:08]} {[%emt 00:02:58]} Kf8 {[%clk 00:08:28]} {[%emt 00:02:09]} 35.
Kb4 {[%clk 00:42:20]} {[%emt 00:00:19]} a6 {[%clk 00:08:07]} {[%emt 00:00:50]}
36. Rc5 {[%clk 00:40:53]} {[%emt 00:01:58]} Re6 {[%clk 00:07:03]} {[%emt
00:01:33]} 37. Ka5 {[%clk 00:38:16]} {[%emt 00:03:08]} Rexc6 {[%clk 00:06:40]}
{[%emt 00:00:53]} 38. Rxc6 {[%clk 00:38:01]} {[%emt 00:00:45]} Rxc6 {[%clk
00:06:57]} {[%emt 00:00:13]} 39. Ne4 {[%clk 00:37:39]} {[%emt 00:00:51]} Ke7
{[%clk 00:06:19]} {[%emt 00:01:07]} 40. h4 {[%clk 00:37:02]} {[%emt 00:01:08]}
Re6 {[%clk 00:05:43]} {[%emt 00:01:05]} 41. Nc5 {[%clk 00:36:43]} {[%emt
00:00:51]} Re5 {[%clk 00:05:41]} {[%emt 00:00:31]} 42. Kb6 {[%clk 00:37:06]}
{[%emt 00:00:08]} a5 {[%clk 00:05:38]} {[%emt 00:00:33]} 43. a4 {[%clk
00:37:20]} {[%emt 00:00:16]} f5 {[%clk 00:03:08]} {[%emt 00:03:00]} 44. Nb3
{[%clk 00:37:29]} {[%emt 00:00:21]} Re4 {[%clk 00:03:00]} {[%emt 00:00:37]} 45.
Kxa5 {[%clk 00:37:49]} {[%emt 00:00:11]} f4 {[%clk 00:02:02]} {[%emt 00:01:28]}
46. gxf4 {[%clk 00:37:55]} {[%emt 00:00:24]} Rxf4 {[%clk 00:02:12]} {[%emt
00:00:20]} 47. Kb5 {[%clk 00:38:20]} {[%emt 00:00:05]} Rxh4 {[%clk 00:02:26]}
{[%emt 00:00:16]} 48. a5 {[%clk 00:38:25]} {[%emt 00:00:25]} Kd8 {[%clk
00:01:07]} {[%emt 00:01:48]} 49. a6 {[%clk 00:38:08]} {[%emt 00:00:48]} Kc7
{[%clk 00:01:06]} {[%emt 00:00:31]} 50. Nc5 {[%clk 00:38:22]} {[%emt 00:00:16]}
Kb8 {[%clk 00:00:52]} {[%emt 00:00:42]} 51. Kb6 {[%clk 00:38:37]} {[%emt
00:00:17]} g5 {[%clk 00:28:55]} {[%emt 00:02:26]} 52. Ne6 {[%clk 01:08:42]}
{[%emt 00:00:26]} Rh6 {[%clk 00:28:50]} {[%emt 00:00:34]} 0-1

[Event "DEM U12w 2025"]
[Site "Willingen GER"]
[Date "2025.06.10"]
[Round "4"]
[White "Döscher, Nayla"]
[Black "Bacakova, Klara"]
[Result "1/2-1/2"]
[Termination "normal"]
[Board "13"]
[WhiteElo "1495"]
[BlackElo "1571"]
[WhiteClock "00:27:15"]
[BlackClock "00:30:11"]
[PlyCount "85"]
[WhiteFideId "34625046"]
[BlackFideId "34605762"]
[EventCountry "GER"]
[EventRounds "9"]
[EventType "swiss"]
[EventDate "2025.06.07"]

1. e4 {[%clk 01:30:59]} c5 {[%clk 01:30:55]} {[%emt 00:00:06]} 2. Nf3 {[%clk
01:31:20]} {[%emt 00:00:09]} e6 {[%clk 01:31:18]} {[%emt 00:00:07]} 3. d4
{[%clk 01:31:38]} {[%emt 00:00:12]} cxd4 {[%clk 01:31:41]} {[%emt 00:00:07]} 4.
Nxd4 {[%clk 01:32:02]} {[%emt 00:00:06]} a6 {[%clk 01:32:05]} {[%emt 00:00:05]}
5. Nc3 {[%clk 01:31:58]} {[%emt 00:00:34]} Qc7 {[%clk 01:32:27]} {[%emt
00:00:09]} 6. Be2 {[%clk 01:29:18]} {[%emt 00:03:09]} Nf6 {[%clk 01:32:41]}
{[%emt 00:00:16]} 7. a3 {[%clk 01:26:01]} {[%emt 00:03:48]} d6 {[%clk
01:31:19]} {[%emt 00:01:50]} 8. Be3 {[%clk 01:24:15]} {[%emt 00:02:17]} Be7
{[%clk 01:31:09]} {[%emt 00:00:40]} 9. O-O {[%clk 01:24:03]} {[%emt 00:00:42]}
O-O {[%clk 01:31:02]} {[%emt 00:00:37]} 10. f4 {[%clk 01:20:35]} {[%emt
00:03:58]} Nbd7 {[%clk 01:29:21]} {[%emt 00:02:12]} 11. g4 {[%clk 01:08:42]}
{[%emt 00:12:23]} Nc5 {[%clk 01:24:43]} {[%emt 00:05:08]} 12. Bf3 {[%clk
01:05:19]} {[%emt 00:03:52]} Rb8 {[%clk 01:14:51]} {[%emt 00:10:22]} 13. g5
{[%clk 01:02:11]} {[%emt 00:03:38]} Ne8 {[%clk 01:14:13]} {[%emt 00:01:09]} 14.
h4 {[%clk 00:57:29]} {[%emt 00:05:12]} b5 {[%clk 01:09:55]} {[%emt 00:04:48]}
15. h5 {[%clk 00:54:48]} {[%emt 00:03:10]} Bb7 {[%clk 01:00:30]} {[%emt
00:09:56]} 16. b4 {[%clk 00:47:37]} {[%emt 00:07:41]} Nd7 {[%clk 00:58:57]}
{[%emt 00:02:02]} 17. Nce2 {[%clk 00:45:25]} {[%emt 00:02:42]} g6 {[%clk
00:49:44]} {[%emt 00:09:44]} 18. Ng3 {[%clk 00:36:52]} {[%emt 00:09:02]} Ng7
{[%clk 00:44:32]} {[%emt 00:05:43]} 19. Qe2 {[%clk 00:32:05]} {[%emt 00:05:16]}
Rbc8 {[%clk 00:40:18]} {[%emt 00:04:44]} 20. Rac1 {[%clk 00:28:42]} {[%emt
00:03:52]} e5 {[%clk 00:32:03]} {[%emt 00:08:46]} 21. Nb3 {[%clk 00:27:07]}
{[%emt 00:02:05]} exf4 {[%clk 00:30:48]} {[%emt 00:01:46]} 22. Bxf4 {[%clk
00:24:56]} {[%emt 00:02:40]} Ne5 {[%clk 00:29:49]} {[%emt 00:01:29]} 23. Qh2
{[%clk 00:16:18]} {[%emt 00:09:08]} Ne6 {[%clk 00:26:50]} {[%emt 00:03:29]} 24.
Bxe5 {[%clk 00:10:55]} {[%emt 00:05:53]} dxe5 {[%clk 00:26:06]} {[%emt
00:01:14]} 25. hxg6 {[%clk 00:10:11]} {[%emt 00:01:15]} fxg6 {[%clk 00:26:17]}
{[%emt 00:00:19]} 26. Bg4 {[%clk 00:09:21]} {[%emt 00:01:20]} Qb6+ {[%clk
00:25:59]} {[%emt 00:00:48]} 27. Kh1 {[%clk 00:09:05]} {[%emt 00:00:46]} Bxg5
{[%clk 00:25:08]} {[%emt 00:01:20]} 28. Rcd1 {[%clk 00:06:27]} {[%emt
00:03:07]} Rcd8 {[%clk 00:24:20]} {[%emt 00:01:19]} 29. Bxe6+ {[%clk 00:05:40]}
{[%emt 00:01:17]} Qxe6 {[%clk 00:24:33]} {[%emt 00:00:17]} 30. Nc5 {[%clk
00:04:57]} {[%emt 00:01:14]} Qc6 {[%clk 00:24:11]} {[%emt 00:00:51]} 31. Qh3
{[%clk 00:04:26]} {[%emt 00:01:01]} Rxf1+ {[%clk 00:22:41]} {[%emt 00:02:00]}
32. Rxf1 {[%clk 00:04:28]} {[%emt 00:00:28]} Bc8 {[%clk 00:20:35]} {[%emt
00:02:37]} 33. Qg2 {[%clk 00:04:11]} {[%emt 00:00:44]} Rf8 {[%clk 00:19:41]}
{[%emt 00:01:27]} 34. Rxf8+ {[%clk 00:02:35]} {[%emt 00:02:06]} Kxf8 {[%clk
00:19:55]} {[%emt 00:00:16]} 35. Qf3+ {[%clk 00:02:32]} {[%emt 00:00:32]} Qf6
{[%clk 00:19:57]} {[%emt 00:00:28]} 36. Qc3 {[%clk 00:02:11]} {[%emt 00:00:50]}
Qd6 {[%clk 00:18:04]} {[%emt 00:02:24]} 37. Nd3 {[%clk 00:01:36]} {[%emt
00:01:05]} Be6 {[%clk 00:17:06]} {[%emt 00:01:27]} 38. Nxe5 {[%clk 00:01:02]}
{[%emt 00:01:05]} Bf6 {[%clk 00:17:06]} {[%emt 00:00:30]} 39. Nxg6+ {[%clk
00:00:50]} {[%emt 00:00:43]} Kg7 {[%clk 00:16:02]} {[%emt 00:01:33]} 40. Nh5+
{[%clk 00:00:44]} {[%emt 00:00:37]} Kxg6 {[%clk 00:16:12]} {[%emt 00:00:19]}
41. Nxf6 {[%clk 00:29:52]} {[%emt 00:01:22]} Qd8 {[%clk 00:35:34]} {[%emt
00:11:09]} 42. e5 {[%clk 00:27:15]} {[%emt 00:03:06]} Qc8 {[%clk 00:30:11]}
{[%emt 00:05:53]} 43. Qg3+ {[%emt 00:05:59]} 1/2-1/2

[Event "DEM U12w 2025"]
[Site "Willingen GER"]
[Date "2025.06.10"]
[Round "4"]
[White "Birkenheier, Larissa"]
[Black "Greither, Flora"]
[Result "1-0"]
[Termination "normal"]
[Board "14"]
[WhiteElo "1486"]
[BlackElo "1562"]
[WhiteClock "00:16:45"]
[BlackClock "01:04:34"]
[PlyCount "65"]
[WhiteFideId "34626379"]
[BlackFideId "533000697"]
[EventCountry "GER"]
[EventRounds "9"]
[EventType "swiss"]
[EventDate "2025.06.07"]

1. e4 {[%clk 01:30:55]} {[%emt 00:00:04]} e5 {[%clk 01:30:51]} {[%emt
00:00:09]} 2. Nf3 {[%clk 01:31:11]} {[%emt 00:00:15]} Nc6 {[%clk 01:31:15]}
{[%emt 00:00:06]} 3. Bc4 {[%clk 01:31:15]} {[%emt 00:00:26]} Nf6 {[%clk
01:30:36]} {[%emt 00:01:09]} 4. d3 {[%clk 01:31:09]} {[%emt 00:00:36]} Be7
{[%clk 01:30:56]} {[%emt 00:00:09]} 5. c3 {[%clk 01:30:57]} {[%emt 00:00:43]}
d5 {[%clk 01:31:06]} {[%emt 00:00:20]} 6. exd5 {[%clk 01:28:49]} {[%emt
00:02:39]} Nxd5 {[%clk 01:31:23]} {[%emt 00:00:12]} 7. O-O {[%clk 01:25:55]}
{[%emt 00:03:24]} O-O {[%clk 01:31:34]} {[%emt 00:00:19]} 8. Re1 {[%clk
01:23:15]} {[%emt 00:03:10]} Bg4 {[%clk 01:31:17]} {[%emt 00:00:33]} 9. h3
{[%clk 01:20:49]} {[%emt 00:03:09]} Bh5 {[%clk 01:30:25]} {[%emt 00:01:22]} 10.
Nbd2 {[%clk 01:14:59]} {[%emt 00:06:21]} Nb6 {[%clk 01:29:12]} {[%emt
00:01:44]} 11. Bb5 {[%clk 01:05:59]} {[%emt 00:09:29]} f6 {[%clk 01:29:00]}
{[%emt 00:00:42]} 12. Ne4 {[%clk 01:00:04]} {[%emt 00:06:25]} a6 {[%clk
01:24:59]} {[%emt 00:04:32]} 13. Bxc6 {[%clk 00:56:45]} {[%emt 00:03:49]} bxc6
{[%clk 01:25:08]} {[%emt 00:00:21]} 14. Ng3 {[%clk 00:54:18]} Bg6 {[%clk
01:24:48]} {[%emt 00:03:45]} 15. d4 {[%clk 00:48:57]} exd4 {[%clk 01:15:25]}
{[%emt 00:15:45]} 16. Nxd4 {[%clk 00:47:00]} Qd7 {[%clk 01:14:14]} {[%emt
00:04:09]} 17. Nxc6 {[%clk 00:36:40]} Qxc6 {[%clk 01:14:07]} {[%emt 00:11:27]}
18. Rxe7 {[%clk 00:36:32]} Rae8 {[%clk 01:12:29]} {[%emt 00:02:46]} 19. Rxe8
{[%clk 00:30:57]} Rxe8 {[%clk 01:12:45]} {[%emt 00:06:20]} 20. Be3 {[%clk
00:27:48]} Nc4 {[%clk 01:12:36]} {[%emt 00:04:18]} 21. Bd4 {[%clk 00:22:36]}
Rb8 {[%clk 01:09:56]} {[%emt 00:08:51]} 22. b3 {[%clk 00:21:35]} Nb2 {[%clk
01:08:48]} {[%emt 00:03:09]} 23. Qd2 {[%clk 00:20:17]} Nd3 {[%clk 01:08:48]}
24. f4 {[%clk 00:20:17]} Nc5 {[%clk 01:08:48]} 25. Bxc5 {[%clk 00:20:17]} Qxc5+
{[%clk 01:07:44]} {[%emt 00:08:58]} 26. Qd4 {[%clk 00:16:25]} Qxd4+ {[%clk
01:04:34]} {[%emt 00:04:27]} 27. cxd4 {[%clk 00:16:45]} Rd8 {[%clk 01:04:34]}
28. Rd1 {[%clk 00:16:45]} Kf8 {[%clk 01:04:34]} 29. Kf2 {[%clk 00:16:45]} Ke7
{[%clk 01:04:34]} 30. f5 {[%clk 00:16:45]} Bf7 {[%clk 01:04:34]} 31. Ke3 {[%clk
00:16:45]} Kd6 {[%clk 01:04:34]} 32. Ne4+ {[%clk 00:16:45]} Kd5 {[%clk
01:04:34]} 33. Rc1 {[%clk 00:16:45]} 1-0

[Event "DEM U12w 2025"]
[Site "Willingen GER"]
[Date "2025.06.10"]
[Round "4"]
[White "Sniegowski, Victoria"]
[Black "Sriram, Yashasri"]
[Result "1-0"]
[Termination "normal"]
[Board "15"]
[WhiteElo "1525"]
[BlackElo "1547"]
[WhiteClock "00:58:16"]
[BlackClock "01:18:44"]
[PlyCount "53"]
[WhiteFideId "34675612"]
[BlackFideId "34656243"]
[EventCountry "GER"]
[EventRounds "9"]
[EventType "swiss"]
[EventDate "2025.06.07"]

1. e4 {[%clk 01:30:59]} {[%emt 00:00:01]} e6 {[%clk 01:30:44]} {[%emt
00:00:15]} 2. d4 {[%clk 01:31:20]} {[%emt 00:00:10]} d5 {[%clk 01:31:08]}
{[%emt 00:00:05]} 3. e5 {[%clk 01:31:23]} {[%emt 00:00:27]} c5 {[%clk
01:31:28]} {[%emt 00:00:10]} 4. c3 {[%clk 01:31:40]} {[%emt 00:00:13]} Nc6
{[%clk 01:31:54]} {[%emt 00:00:04]} 5. Nf3 {[%clk 01:31:55]} {[%emt 00:00:15]}
Qb6 {[%clk 01:32:15]} {[%emt 00:00:09]} 6. Bd3 {[%clk 01:31:41]} {[%emt
00:00:44]} Bd7 {[%clk 01:32:35]} {[%emt 00:00:10]} 7. O-O {[%clk 01:32:00]}
{[%emt 00:00:11]} cxd4 {[%clk 01:32:54]} {[%emt 00:00:11]} 8. cxd4 {[%clk
01:32:15]} {[%emt 00:00:15]} Nxd4 {[%clk 01:33:14]} {[%emt 00:00:10]} 9. Nxd4
{[%clk 01:32:23]} {[%emt 00:00:22]} Qxd4 {[%clk 01:33:30]} {[%emt 00:00:13]}
10. Nc3 {[%clk 01:32:34]} {[%emt 00:00:19]} Ne7 {[%clk 01:33:03]} {[%emt
00:00:57]} 11. Re1 {[%clk 01:31:46]} {[%emt 00:01:18]} Ng6 {[%clk 01:32:10]}
{[%emt 00:01:23]} 12. Nb5 {[%clk 01:23:11]} {[%emt 00:09:06]} Qb6 {[%clk
01:31:47]} {[%emt 00:00:53]} 13. Be3 {[%clk 01:22:49]} {[%emt 00:00:51]} Qa5
{[%clk 01:27:49]} {[%emt 00:04:28]} 14. Bd2 {[%clk 01:09:24]} {[%emt 00:13:55]}
Qd8 {[%clk 01:27:15]} {[%emt 00:01:03]} 15. Rc1 {[%clk 01:09:23]} {[%emt
00:00:32]} Rc8 {[%clk 01:27:29]} {[%emt 00:00:16]} 16. Rxc8 {[%clk 01:08:04]}
{[%emt 00:01:50]} Qxc8 {[%clk 01:27:23]} {[%emt 00:00:36]} 17. Qb3 {[%clk
01:04:47]} {[%emt 00:03:48]} Bxb5 {[%clk 01:22:18]} {[%emt 00:05:35]} 18. Bxb5+
{[%clk 01:04:59]} {[%emt 00:00:18]} Kd8 {[%clk 01:22:34]} {[%emt 00:00:13]} 19.
Rc1 {[%clk 01:03:42]} {[%emt 00:01:47]} Qb8 {[%clk 01:22:31]} {[%emt 00:00:33]}
20. f4 {[%clk 01:02:18]} {[%emt 00:01:54]} b6 {[%clk 01:21:13]} {[%emt
00:01:47]} 21. Ba6 {[%clk 01:01:45]} {[%emt 00:01:04]} Bc5+ {[%clk 01:21:22]}
{[%emt 00:00:22]} 22. Rxc5 {[%clk 01:01:25]} {[%emt 00:00:50]} Ke7 {[%clk
01:21:07]} {[%emt 00:00:44]} 23. Rc1 {[%clk 00:59:41]} {[%emt 00:02:14]} Rd8
{[%clk 01:18:03]} {[%emt 00:03:35]} 24. Bb4+ {[%clk 00:59:16]} {[%emt
00:00:55]} Ke8 {[%clk 01:18:05]} {[%emt 00:00:27]} 25. Bb5+ {[%clk 00:57:56]}
{[%emt 00:01:50]} Rd7 {[%clk 01:18:18]} {[%emt 00:00:18]} 26. Bxd7+ {[%clk
00:58:16]} {[%emt 00:00:08]} Kxd7 {[%clk 01:18:44]} {[%emt 00:00:05]} 27. Bd6
{[%emt 00:01:12]} 1-0

[Event "DEM U12w 2025"]
[Site "Willingen GER"]
[Date "2025.06.10"]
[Round "4"]
[White "Tiuca, Emma"]
[Black "Tadic, Lena"]
[Result "1/2-1/2"]
[Termination "normal"]
[Board "16"]
[WhiteElo "1434"]
[BlackElo "1174"]
[WhiteClock "00:03:57"]
[BlackClock "00:17:34"]
[PlyCount "88"]
[WhiteFideId "4007549"]
[BlackFideId "34687300"]
[EventCountry "GER"]
[EventRounds "9"]
[EventType "swiss"]
[EventDate "2025.06.07"]

1. e4 {[%clk 01:30:55]} {[%emt 00:00:04]} c6 {[%clk 01:30:54]} {[%emt
00:00:08]} 2. Nc3 {[%clk 01:31:08]} {[%emt 00:00:15]} d5 {[%clk 01:31:16]}
{[%emt 00:00:08]} 3. Nf3 {[%clk 01:31:16]} {[%emt 00:00:23]} Bg4 {[%clk
01:31:25]} {[%emt 00:00:21]} 4. h3 {[%clk 01:31:20]} {[%emt 00:00:26]} Bxf3
{[%clk 01:31:49]} {[%emt 00:00:06]} 5. Qxf3 {[%clk 01:31:29]} {[%emt 00:00:18]}
e6 {[%clk 01:32:06]} {[%emt 00:00:16]} 6. d4 {[%clk 01:30:41]} {[%emt
00:01:17]} Nf6 {[%clk 01:31:12]} {[%emt 00:01:24]} 7. Qd3 {[%clk 01:27:32]}
{[%emt 00:03:34]} Bb4 {[%clk 01:30:16]} {[%emt 00:01:29]} 8. Bg5 {[%clk
01:22:35]} {[%emt 00:05:25]} Bxc3+ {[%clk 01:29:33]} {[%emt 00:01:19]} 9. bxc3
{[%clk 01:22:37]} {[%emt 00:00:27]} dxe4 {[%clk 01:29:33]} {[%emt 00:00:32]}
10. Bxf6 {[%clk 01:20:29]} {[%emt 00:02:36]} Qxf6 {[%clk 01:29:01]} {[%emt
00:01:02]} 11. Qxe4 {[%clk 01:20:25]} {[%emt 00:00:32]} O-O {[%clk 01:26:22]}
{[%emt 00:03:10]} 12. Bd3 {[%clk 01:20:20]} {[%emt 00:00:36]} Qg6 {[%clk
01:25:29]} {[%emt 00:01:20]} 13. Qh4 {[%clk 01:17:19]} {[%emt 00:03:27]} Qh6
{[%clk 01:24:51]} {[%emt 00:01:12]} 14. Qg3 {[%clk 01:17:02]} {[%emt 00:00:47]}
b6 {[%clk 01:17:55]} {[%emt 00:07:29]} 15. O-O {[%clk 01:16:48]} {[%emt
00:00:42]} Qf6 {[%clk 01:14:53]} {[%emt 00:03:23]} 16. Rab1 {[%clk 01:10:44]}
{[%emt 00:06:44]} Qd8 {[%clk 01:14:16]} {[%emt 00:01:00]} 17. Be4 {[%clk
01:09:00]} {[%emt 00:02:20]} Qc8 {[%clk 01:11:38]} {[%emt 00:03:01]} 18. Qf3
{[%clk 01:06:33]} {[%emt 00:03:04]} f5 {[%clk 01:08:47]} {[%emt 00:03:23]} 19.
Bd3 {[%clk 01:04:27]} {[%emt 00:02:32]} Nd7 {[%clk 01:06:59]} {[%emt 00:02:20]}
20. Bc4 {[%clk 00:59:56]} {[%emt 00:05:02]} Rf6 {[%clk 01:03:17]} {[%emt
00:04:10]} 21. Rfe1 {[%clk 00:56:59]} {[%emt 00:03:28]} Nf8 {[%clk 01:01:30]}
{[%emt 00:02:17]} 22. Re3 {[%clk 00:55:09]} {[%emt 00:02:19]} Qd7 {[%clk
00:59:32]} {[%emt 00:02:27]} 23. Rbe1 {[%clk 00:54:23]} {[%emt 00:01:19]} Re8
{[%clk 00:59:23]} {[%emt 00:00:39]} 24. d5 {[%clk 00:51:12]} {[%emt 00:03:38]}
cxd5 {[%clk 00:57:33]} {[%emt 00:02:24]} 25. Bxd5 {[%clk 00:50:40]} {[%emt
00:01:01]} Rc8 {[%clk 00:53:40]} {[%emt 00:04:04]} 26. Bb3 {[%clk 00:47:43]}
{[%emt 00:03:45]} Qc6 {[%clk 00:47:32]} {[%emt 00:06:33]} 27. Qf4 {[%clk
00:39:43]} {[%emt 00:08:19]} Rg6 {[%clk 00:43:29]} {[%emt 00:04:48]} 28. f3
{[%clk 00:33:42]} {[%emt 00:06:31]} b5 {[%clk 00:40:37]} {[%emt 00:03:21]} 29.
Qxf5 {[%clk 00:32:30]} {[%emt 00:01:44]} Re8 {[%clk 00:38:47]} {[%emt
00:02:13]} 30. Bd5 {[%clk 00:27:27]} {[%emt 00:05:34]} Qb6 {[%clk 00:37:38]}
{[%emt 00:01:43]} 31. Bb3 {[%clk 00:26:26]} {[%emt 00:01:33]} Kh8 {[%clk
00:36:27]} {[%emt 00:01:41]} 32. Qh5 {[%clk 00:26:17]} {[%emt 00:00:32]} Nd7
{[%clk 00:34:29]} {[%emt 00:02:35]} 33. Kh1 {[%clk 00:22:29]} {[%emt 00:04:14]}
Nc5 {[%clk 00:32:03]} {[%emt 00:03:00]} 34. Bd5 {[%clk 00:21:24]} {[%emt
00:01:23]} Rd8 {[%clk 00:28:38]} {[%emt 00:04:07]} 35. Qf5 {[%clk 00:13:47]}
{[%emt 00:08:05]} Rf6 {[%clk 00:25:45]} {[%emt 00:03:24]} 36. Qg5 {[%clk
00:12:35]} {[%emt 00:01:28]} exd5 {[%clk 00:23:27]} {[%emt 00:03:04]} 37. Re8+
{[%clk 00:11:27]} {[%emt 00:01:37]} Rf8 {[%clk 00:23:17]} {[%emt 00:00:41]} 38.
Qe7 {[%clk 00:07:45]} {[%emt 00:04:11]} Rdxe8 {[%clk 00:22:41]} {[%emt
00:01:07]} 39. Qxe8 {[%clk 00:08:03]} {[%emt 00:00:11]} Rg8 {[%clk 00:23:08]}
{[%emt 00:00:04]} 40. Re5 {[%clk 00:07:27]} {[%emt 00:01:02]} h6 {[%clk
00:22:35]} {[%emt 00:01:06]} 41. Qf7 {[%clk 00:07:18]} {[%emt 00:00:36]} Qf6
{[%clk 00:22:12]} {[%emt 00:00:56]} 42. Qxd5 {[%clk 00:07:07]} {[%emt
00:00:40]} Rc8 {[%clk 00:21:50]} {[%emt 00:00:53]} 43. Rh5 {[%clk 00:04:15]}
{[%emt 00:03:19]} Qe6 {[%clk 00:20:40]} {[%emt 00:01:43]} 44. Qd4 {[%clk
00:03:57]} {[%emt 00:00:48]} Qf6 {[%clk 00:17:34]} {[%emt 00:03:37]} 1/2-1/2